1854 1207 1326 1685 1644 1945 1196 1405 1346 1380 1480 1205 1752 1163 1690 1280 1554 1384 1323 1325 1738 1730 1156 1131 1780 1805 1069 1748 1788 1178 1151 1020 1946 1585 1473 1235 1181 1145 1100 1840 1788 1141 1655 1679 1801 1920 1315 1658 1344 1529 1153 1028 1729 1672 1451 1710 1156 1095 1741 1254 1632 1494 1114 1207 1394 1277 1499 1883 1480 1056 1066 1168 1618 1035 1038 1900 1464 1618 1545 1037 1560 1487 1621 1286 1925 1031 1109 1214 1464 1085 1540 1173 1379 1584 1616 1863 1937 1234 1719 BCNSPRNW ULIB Ver.6.0+V

เปลี่ยนเป็นภาษาไทย

Change to English
 แสดงรายละเอียดบรรณานุกรม
  กลับหน้าหลัก

Brief Record : Get Marc (ISO 2709) : E-mail record : QR code < ปิดหน้าต่าง
LEADER : 00000nam 2200000uu 4500
001    13399112306
003     ULIB
008    110627s2553||||th 000 0 tha d
020    9786167007489
090    นว.^bไม่พบรหัส 2553
100 0  TepiN
245 00 When I : สักวันฉันอาจรักเธอ/^cTepiN
250    พิมพ์ครั้งที่ 1
260    กรุงเทพฯ :^bฟรีเลิฟ,^c2553
300    284 หน้า
710 1  ฟรีเลิฟ
945    ^p250^l0^i028034
995    ทศพร
999 ^a ใช้งานได้ทุกระบบ
รายการนี้ยังไม่มีแท็ก
คุณยังไม่ได้ล็อกอิน คุณสามารถมีกิจกรรมร่วมกับเว็บไซต์ได้ แต่ต้องล็อกอินก่อน ::
  ล็อกอิน

รายการสื่อสารสนเทศ

ลำดับที่ ประเภท เลขเรียก/บาร์โค้ด สถานที่ สถานะ
- ไม่พบข้อมูล -

BibComment


ยังไม่เคยถูกคอมเมนท์

คอมเมนท์ทรัพยากรรายการนี้
  คอมเมนท์: When I สักวันฉัน..


 Copyright 2026. Bcnsprnw @Library